<?xml version="1.0" encoding="UTF-8"?>
<collection xmlns="http://www.loc.gov/MARC21/slim">
 <record>
  <leader>02297pam a22002778a 4500</leader>
  <controlfield tag="001">00022287</controlfield>
  <controlfield tag="005">20171026081025.0</controlfield>
  <controlfield tag="008">110528s2005                  ||||||Viesd</controlfield>
  <datafield tag="041" ind1="0" ind2="#">
   <subfield code="a">Vie</subfield>
  </datafield>
  <datafield tag="082" ind1="1" ind2="4">
   <subfield code="a">621.3</subfield>
   <subfield code="b">K300TH</subfield>
  </datafield>
  <datafield tag="100" ind1="0" ind2="#">
   <subfield code="a">Trần Minh Sơ</subfield>
   <subfield code="e">Chủ biên</subfield>
  </datafield>
  <datafield tag="245" ind1="0" ind2="0">
   <subfield code="a">Kĩ thuật điện 2</subfield>
   <subfield code="b">Giáo trình cao đẵng sư phạm</subfield>
   <subfield code="c">Trần Minh Sơ, Nguyễn Cao Đằng</subfield>
  </datafield>
  <datafield tag="260" ind1="#" ind2="#">
   <subfield code="a">H.</subfield>
   <subfield code="b">Đại học sư phạm</subfield>
   <subfield code="c">2005</subfield>
  </datafield>
  <datafield tag="300" ind1="#" ind2="#">
   <subfield code="a">207 tr.</subfield>
   <subfield code="c">24 cm.</subfield>
  </datafield>
  <datafield tag="500" ind1="#" ind2="#">
   <subfield code="a">Đầu bìa sách ghi : Bộ Giáo dục và Đào tạo. Dự án đào tạo giáo viên trung học cơ sở</subfield>
  </datafield>
  <datafield tag="650" ind1="#" ind2="4">
   <subfield code="a">Máy biến áp</subfield>
  </datafield>
  <datafield tag="650" ind1="#" ind2="4">
   <subfield code="a">Máy điện</subfield>
  </datafield>
  <datafield tag="653" ind1="#" ind2="#">
   <subfield code="a">Giáo trình</subfield>
  </datafield>
  <datafield tag="653" ind1="#" ind2="#">
   <subfield code="a">Thiết bị điện cơ</subfield>
  </datafield>
  <datafield tag="653" ind1="#" ind2="#">
   <subfield code="a">Điện lạnh</subfield>
  </datafield>
  <datafield tag="852" ind1="#" ind2="#">
   <subfield code="b">Kho giáo trình</subfield>
   <subfield code="j">KGT.0010421, KGT.0010422, KGT.0010423, KGT.0010424, KGT.0010425, KGT.0010426, KGT.0010427, KGT.0010428, KGT.0010429, KGT.0010430, KGT.0010431, KGT.0010432, KGT.0010433, KGT.0010434, KGT.0010435, KGT.0010436, KGT.0010437, KGT.0010438, KGT.0010439, KGT.0010440, KGT.0010441, KGT.0010442, KGT.0010443, KGT.0010444, KGT.0010445, KGT.0010446, KGT.0010447, KGT.0010448, KGT.0010449, KGT.0010450, KGT.0010451, KGT.0010452, KGT.0010453, KGT.0010454, KGT.0010455, KGT.0010456, KGT.0010457, KGT.0010458, KGT.0010459, KGT.0010460, KGT.0010461, KGT.0010462, KGT.0010463, KGT.0010464, KGT.0010465, KGT.0010466, KGT.0010467</subfield>
  </datafield>
  <datafield tag="852" ind1="#" ind2="#">
   <subfield code="b">Kho mượn</subfield>
   <subfield code="j">KGT.0010421</subfield>
  </datafield>
  <datafield tag="852" ind1="#" ind2="#">
   <subfield code="b">Kho đọc</subfield>
   <subfield code="j">KD.0007978</subfield>
  </datafield>
  <datafield tag="852" ind1="#" ind2="#">
   <subfield code="j">KD.0007978</subfield>
   <subfield code="j">KGT.0010421</subfield>
   <subfield code="j">KGT.0010422</subfield>
   <subfield code="j">KGT.0010424</subfield>
   <subfield code="j">KGT.0010425</subfield>
   <subfield code="j">KGT.0010428</subfield>
   <subfield code="j">KGT.0010429</subfield>
   <subfield code="j">KGT.0010430</subfield>
   <subfield code="j">KGT.0010431</subfield>
   <subfield code="j">KGT.0010433</subfield>
   <subfield code="j">KGT.0010435</subfield>
   <subfield code="j">KGT.0010436</subfield>
   <subfield code="j">KGT.0010438</subfield>
   <subfield code="j">KGT.0010439</subfield>
   <subfield code="j">KGT.0010441</subfield>
   <subfield code="j">KGT.0010442</subfield>
   <subfield code="j">KGT.0010444</subfield>
   <subfield code="j">KGT.0010445</subfield>
   <subfield code="j">KGT.0010447</subfield>
   <subfield code="j">KGT.0010448</subfield>
   <subfield code="j">KGT.0010450</subfield>
   <subfield code="j">KGT.0010451</subfield>
   <subfield code="j">KGT.0010453</subfield>
   <subfield code="j">KGT.0010455</subfield>
   <subfield code="j">KGT.0010456</subfield>
   <subfield code="j">KGT.0010458</subfield>
   <subfield code="j">KGT.0010459</subfield>
   <subfield code="j">KGT.0010461</subfield>
   <subfield code="j">KGT.0010462</subfield>
   <subfield code="j">KGT.0010464</subfield>
   <subfield code="j">KGT.0010465</subfield>
   <subfield code="j">KGT.0010467</subfield>
   <subfield code="j">KGT.0049003</subfield>
   <subfield code="j">KGT.0048940</subfield>
   <subfield code="j">KGT.0010443</subfield>
   <subfield code="j">KGT.0010423</subfield>
   <subfield code="j">KGT.0010426</subfield>
   <subfield code="j">KGT.0010427</subfield>
   <subfield code="j">KGT.0010432</subfield>
   <subfield code="j">KGT.0010434</subfield>
   <subfield code="j">KGT.0010437</subfield>
   <subfield code="j">KGT.0010440</subfield>
   <subfield code="j">KGT.0010446</subfield>
   <subfield code="j">KGT.0010449</subfield>
   <subfield code="j">KGT.0010452</subfield>
   <subfield code="j">KGT.0010454</subfield>
   <subfield code="j">KGT.0010457</subfield>
   <subfield code="j">KGT.0010460</subfield>
   <subfield code="j">KGT.0010463</subfield>
   <subfield code="j">KGT.0010466</subfield>
  </datafield>
  <datafield tag="910" ind1="0" ind2="#">
   <subfield code="a">nhnam</subfield>
   <subfield code="d">28/05/2011</subfield>
  </datafield>
  <datafield tag="980" ind1="#" ind2="#">
   <subfield code="a">Trung tâm Học liệu Lê Vũ Hùng, Trường Đại học Đồng Tháp</subfield>
  </datafield>
 </record>
</collection>
